000 01002cam a2200313 i 4500
001 ssj0001333595
003 EG-ScBUE
005 20260406103213.0
008 140701t2015 enka f b 001 0 eng d
020 _z9780470655627
040 _aDLC
_beng
_erda
_cDLC
_dDLC
_dWaSeSS
_dEG-ScBUE
082 0 4 _a304.23
_222
_bCRE
100 1 _aCresswell, Tim,
_eauthor.
245 1 0 _aPlace :
_ban introduction /
_cTim Cresswell.
250 _aSecond edition.
264 1 _aWest Sussex, UK :
_bJohn Wiley & Sons Ltd,
_c[2015]
264 4 _cc2015
300 _a220 pages :
_billustrations ;
_c20 cm
336 _2rdacontent
_atext
_btxt
337 _2rdamedia
_aunmediated
_bn
338 _2rdacarrier
_avolume
_bnc
504 _aIncludes bibliographical references and index.
506 _aAvailable on campus and off campus with authorized login.
650 7 _aHuman geography.
_2BUEsh
650 7 _aGeographical perception.
_2BUEsh
653 _cApril2026
_bART
655 _vReading book
942 _2ddc
_cBB
999 _c31174
_d31145